000 00570nam a2200229Ia 4500
003 OSt
005 20220928104234.0
006 a|||||r|||| 00| 0
007 ta
008 220927b |||||||| |||| 00| 0 eng d
024 _a62035
037 _cTextual
040 _aSDCL
_cSDCL
_beng
041 _2eng
_aeng
082 _aNT, 152K8
100 _aGargi Balwant
_9388877
245 0 _aRangmanch
260 _aDelhi
_bRajkamal Prakashan
_c1968
300 _a274p
_ccm.
942 _hNT, 152K8
_cTEXL
_2CC
999 _c725325
_d725325